000 00959nam0a22002771 4500
001 RU\NLR\INFOCOMM18\ROSSICA\1000010846
005 20250613185922.0
035 _a(NLR Aleph) 009899941
090 _a10564350
_c10564350
100 _a20030703d1910 |||y0rusy50 ca
101 0 _ager
102 _aRU
105 _ay ||||000ay
200 1 _aDie Bedeutung der Alexander-Operation in der Behandlung der mobilen Retrodeviationen der Gebärmutter auf Grund von 130 klinischen Beobachtungen
_fEberlin, A.
_gV-me Congrès Internt.d'Obstétr.et de Gynécol
210 _aС.-Петербургъ
_d1910
215 _d
700 1 _9z01790
_aEgloffstein
_bH.
_gHermann
_4070
712 1 2 _aCongrès International d'Obstétrique et de Gynécologique
_d5
_4340
790 1 _9z01700
_aEberlin
_bA.
_4070
801 1 _aRU
_bInfoComm
_c20030703
801 0 _aRU
_bNLR
_gPSBO
852 _aNLR
_j21.5.3.106
942 _cBOOK
980 _aNB
980 _aRossica